000 00611nam a2200169Ia 4500
008 090201s9999 xx 000 0 und d
010 _aKPL-61286
040 _bमराठी
041 _aमराठी
082 _a679
_b61286
100 _aसेतुमाधवराव पगडी
245 _a1857 चे आणखी काही पैलू
_cसेतुमाधवराव पगडी
260 _c2004
_bपरचुरे प्रकाशन मंदिर
300 _a191
_bमध्यम
600 _a1857 चे आणखी काही पैलू
942 _cBOOK
999 _c201818
_d201818